00227nam a2200097Ia 4500008004100000100002300041245002400064260001700088300000800105650001600113191201s2018 xx 000 0 und d aRAWAT, Tarun Kumar 0aSignals and Systems bOxfordc2018 a890 aB.Tech(ECE)